Report to the Government of Israel on the vocational rehabilitation and placement of the disabled. (Record no. 37225)

MARC details
000 -LEADER
fixed length control field 00819cam a22002411 4500
001 - CONTROL NUMBER
control field l 65000207
003 - CONTROL NUMBER IDENTIFIER
control field DLC
005 - DATE AND TIME OF LATEST TRANSACTION
control field 20260227111548.0
008 - FIXED-LENGTH DATA ELEMENTS--GENERAL INFORMATION
fixed length control field 850316s1964 sz a 000 0 eng c
010 ## - LIBRARY OF CONGRESS CONTROL NUMBER
LC control number l 65000207
035 ## - SYSTEM CONTROL NUMBER
System control number (OCoLC)11814822
040 ## - CATALOGING SOURCE
Original cataloging agency U.S. Dept. of Labor. Library
Transcribing agency CSdS
Modifying agency CSdS
-- DLC
050 00 - LIBRARY OF CONGRESS CALL NUMBER
Classification number HD7256.I8
Item number I5
110 2# - MAIN ENTRY--CORPORATE NAME
Corporate name or jurisdiction name as entry element International Labour Office.
245 10 - TITLE STATEMENT
Title Report to the Government of Israel on the vocational rehabilitation and placement of the disabled.
260 ## - PUBLICATION, DISTRIBUTION, ETC.
Place of publication, distribution, etc. Geneva,
Date of publication, distribution, etc. 1964.
300 ## - PHYSICAL DESCRIPTION
Extent iv, 196 p.
Other physical details illus.
Dimensions 30 cm.
500 ## - GENERAL NOTE
General note "ILO/TAP/Israel/R.16."
500 ## - GENERAL NOTE
General note At head of title: Expanded programme of technical assistance.
650 #0 - SUBJECT ADDED ENTRY--TOPICAL TERM
Topical term or geographic name entry element People with disabilities
General subdivision Employment
Geographic subdivision Israel.
650 #0 - SUBJECT ADDED ENTRY--TOPICAL TERM
Topical term or geographic name entry element Vocational rehabilitation
Geographic subdivision Israel.
710 1# - ADDED ENTRY--CORPORATE NAME
Corporate name or jurisdiction name as entry element Israel.

No items available.

Powered by Koha